| Tag |
First Indicator |
Second Indicator |
Subfields |
| LEADER |
00000pam a2200000 a 4500 |
| 001 |
in00000419821 |
| 005 |
20151012062025.0 |
| 008 |
850927c19861985paua b 00110 eng |
| 010 |
|
|
|a 85024464
|
| 020 |
|
|
|a 0878575928 :
|c $17.95
|
| 035 |
|
|
|a (OCoLC)12693789
|
| 035 |
|
|
|9 ABV6850AM
|
| 039 |
0 |
|
|a 2
|b 3
|c 3
|d 3
|e 3
|
| 040 |
|
|
|a DLC
|c DLC
|d TXA
|d UtOrBLW
|
| 049 |
|
|
|a TXAM
|c [A09647759]
|
| 050 |
0 |
0 |
|a QL676.5
|b .P74 1986
|
| 082 |
0 |
|
|a 639.9/78
|2 19
|
| 100 |
1 |
|
|a Proctor, Noble S.
|
| 245 |
1 |
0 |
|a Garden birds :
|b how to attract birds to your garden /
|c Noble Proctor ; consultant editors Cyril Walker, Tim Parmenter.
|
| 264 |
|
1 |
|a Emmaus, Pa. :
|b Rodale Press,
|c 1986
|
| 264 |
|
4 |
|c ©1985
|
| 300 |
|
|
|a 160 pages :
|b illustrations (some color) ;
|c 26 cm.
|
| 336 |
|
|
|a text
|b txt
|2 rdacontent
|
| 337 |
|
|
|a unmediated
|b n
|2 rdamedia
|
| 338 |
|
|
|a volume
|b nc
|2 rdacarrier
|
| 500 |
|
|
|a "A Quarto book."
|
| 500 |
|
|
|a Includes index.
|
| 504 |
|
|
|a Bibliography: page 157.
|
| 650 |
|
0 |
|a Garden animals.
|
| 650 |
|
0 |
|a Bird attracting.
|
| 700 |
1 |
|
|a Walker, Cyril.
|
| 700 |
1 |
|
|a Parmenter, Tim.
|
| 999 |
|
|
|a MARS
|
| 999 |
f |
f |
|s e808f644-206c-3328-a686-c89d8c853a59
|i 65a59da6-848c-33f6-b5a4-7f5c713dec29
|t 0
|
| 952 |
f |
f |
|p ric
|a Texas A&M University
|b Rellis Campus
|c Joint Library Facility
|d Remote Storage
|t 0
|e QL676.5 .P74 1986
|h Library of Congress classification
|i unmediated -- volume
|m A14809647759
|
| 998 |
f |
f |
|a QL676.5 .P74 1986
|t 0
|l Remote Storage
|